000 00613nam a22002177a 4500
003 UA-OsUOA
001 111989
007 ta
008 20150615b un ||||| |||| 00| 0 ukr d
100 _aУварова П.
090 _a330(477)
_bУ18
942 _cSA
040 _aUA-OsUOA
_bukr
_cUA-OsUOA
_dUA-OsUOA
245 _aКредитні спілки України продовжують кредитувати
300 _aС.8-9
955 _a0
041 _aukr
080 _a330(477)
773 0 _w111987
_tУкраїна- business
_dК.
_d2015
_g25
650 7 _a330 Економіка взагалі
_2UDC
999 _c398084
_d398084